000 00899cam a22002531 4500
001 l 50000112
003 DLC
005 20260227111542.0
008 921102s1950 dcu f000 0 eng c
010 _al 50000112
035 _a(OCoLC)26897949
040 _aU.S. Dept. of Labor. Library
_cCLU
_dDLC
050 0 0 _aHD6243.U5
_bA4 1950
082 _a331.34
110 1 _aUnited States.
_bBureau of Labor Standards.
245 1 0 _aTips for issuing officers on employment and age certificates under the Fair Labor Standards Act as amended.
260 _a[Washington,
_bU.S. Govt. Print. Off.]
_c1950.
300 _a11 p.
_c23 cm.
490 1 _aIts Bulletin,
_vno. 126
500 _aTitle on cover: Employment and age certificates.
650 0 _aChild labor
_zUnited States.
740 0 _aEmployment and age certificates.
830 0 _aBulletin (United States. Bureau of Labor Standards) ;
_v126.
999 _c36699
_d36699